000 00625cam a22002411 4500
001 sa 68012904
003 DLC
005 20260227112616.0
008 900209s1967 ii 000 0 sano
010 _asa 68012904
035 _a(OCoLC)21028384
040 _aDLC
_cWaU
_dDLC
042 _apremarc
050 0 0 _aPK551
_b.S5
100 1 _aShukla, Ramesh Chandra.
245 1 0 _aPrabandharatnākaraḥ.
260 _c1967.
300 _a16, 689 p.
_c23 cm.
440 0 _aVidyabhawan Sanskrit granthamala,
_v140
500 _aAdded t. p. in English.
500 _aIn Sanskrit.
650 0 _aSanskrit language
_xReaders.
999 _c84798
_d84798